| 000 | 00386nam a2200133Ia 4500 | ||
|---|---|---|---|
| 008 | 211119s9999||||xx |||||||||||||| ||und|| | ||
| 082 |
_a332.10973 _bKOH-F |
||
| 100 | _aKohn, Meir | ||
| 245 | 0 | _aFinancial Institutions and Market | |
| 260 |
_bOxford _aNew York _c2003 |
||
| 300 | _a674p | ||
| 650 |
_aSocial Sciences _vEconomicsFinancial economicsManagement _xMBA LIBRARY |
||
| 942 | _cBOOK | ||
| 999 |
_c104460 _d104460 |
||